00282nam a2200133Ia 4500100001700000650001400017366000700031654001400038245003300052260001800085082001400103300000800117546002300125 aPogue/David  aWindows 8 f20 awindows 8 aWindows 8:The missing manual bOreillyc2013 a5.43bPOG a905 aENGLISHcComputers